general organic biochemistry (Record no. 41179)
[ view plain ]
| 000 -LEADER | |
|---|---|
| fixed length control field | 00310nam a22001337a 4500 |
| 008 - FIXED-LENGTH DATA ELEMENTS--GENERAL INFORMATION | |
| fixed length control field | 180129b xxu||||| |||| 00| 0 eng d |
| 020 ## - INTERNATIONAL STANDARD BOOK NUMBER | |
| International Standard Book Number | 9780077510367 |
| 041 ## - LANGUAGE CODE | |
| Language code of text/sound track or separate title | eng |
| 080 ## - UNIVERSAL DECIMAL CLASSIFICATION NUMBER | |
| Edition identifier | 8n ed |
| Universal Decimal Classification number | 575 |
| 100 ## - Rafti | |
| Rafti | 5 |
| 101 ## - Shkurtesa | |
| Shkurtesa | bio |
| 245 ## - TITLE STATEMENT | |
| Title | general organic biochemistry |
| Statement of responsibility, etc | katherine.j.d |
| 942 ## - ADDED ENTRY ELEMENTS (KOHA) | |
| Source of classification or shelving scheme | |
| Item type | Books |
| Withdrawn status | Lost status | Source of classification or shelving scheme | Damaged status | Not for loan | Collection code | Permanent location | Current location | Shelving location | Date acquired | Total Checkouts | Full call number | Barcode | Date last seen | Price effective from | Koha item type |
|---|---|---|---|---|---|---|---|---|---|---|---|---|---|---|---|
| Koleksioni i përgjithshem | UBT - Lipjan | UBT - Lipjan | Koleksioni i përgjithshem | 01/29/2018 | 575 ket | 002-2996900 | 01/29/2018 | 01/29/2018 | Books | ||||||
| Koleksioni i përgjithshem | UBT - Lipjan | UBT - Lipjan | Koleksioni i përgjithshem | 01/29/2018 | 575 ket | 002-2996905 | 01/29/2018 | 01/29/2018 | Books | ||||||
| Koleksioni i përgjithshem | UBT - Lipjan | UBT - Lipjan | Koleksioni i përgjithshem | 01/29/2018 | 575 ket | 002-2996910 | 01/29/2018 | 01/29/2018 | Books | ||||||
| Koleksioni i përgjithshem | UBT - Lipjan | UBT - Lipjan | Koleksioni i përgjithshem | 01/29/2018 | 575 ket | 002-2996915 | 01/29/2018 | 01/29/2018 | Books | ||||||
| Koleksioni i përgjithshem | UBT - Lipjan | UBT - Lipjan | Koleksioni i përgjithshem | 01/29/2018 | 575 ket | 002-2996920 | 01/29/2018 | 01/29/2018 | Books | ||||||
| Koleksioni i përgjithshem | UBT - Lipjan | UBT - Lipjan | Koleksioni i përgjithshem | 10/13/2021 | 575 BRO | 002-8000222 | 10/13/2021 | 10/13/2021 | Books |